Introduction to interval computations /

Guardado en:
Autor Principal: Alefeld, G., 1941-
Otros Autores: Herzberger, Jürgen.
Formato: Libro
Idioma:English
German
Publicado: New York : Academic Press, 1983.
Series:Computer science and applied mathematics
Materias:
Acceso en línea:Publisher description
Table of contents
Etiquetas: Agregar Etiqueta
Sin Etiquetas, Sea el primero en etiquetar este registro!
LEADER 01143pam a2200289 a 4500
001 MAT.inmabb004514
008 820330s1983####nyu######b####001#0#eng##
005 20130326154726.0
245 1 0 |a Introduction to interval computations /  |c Götz Alefeld, Jürgen Herzberger ; translated by Jon Rokne. 
260 |a New York :  |b Academic Press,  |c 1983. 
300 |a xviii, 333 p. ;  |c 24 cm. 
440 0 |a Computer science and applied mathematics 
500 |a Traducción revisada y expandida de: Einführung in die Intervallrechnung. 1974. 
504 |a Bibliografía: p. 309-328. 
510 4 |a MR,  |c 85d:65001 
020 |a 0120498200 
100 1 |a Alefeld, G.,  |d 1941- 
240 1 0 |a Einführung in die Intervallrechnung.  |l Inglés 
700 1 |a Herzberger, Jürgen. 
650 0 |a Interval analysis (Mathematics) 
084 |a 65-01 (65Gxx)  |2 msc2000 
010 |a  82006715  
040 |a DLC  |c DLC  |d DLC 
041 1 |a eng  |h ger 
856 4 2 |3 Publisher description  |u http://www.loc.gov/catdir/description/els033/82006715.html 
856 4 1 |3 Table of contents  |u http://www.loc.gov/catdir/toc/els031/82006715.html 
859 |h 65  |i Al366  |p A-6449  |b BIB. MATEMATICA